000
00250nam a2200097Ia 4500
001
830124
005
20250826172311.0
008
250824s9999 xx 000 0 und d
245
0
_a
TÜRK SİYASİ TARİHİ
_c
FAHİR ARMAOĞLU
260
_b
KRONİK YAYINLARI
999
_c
830124
_d
830124